National Industrial and Distribution Report (Record no. 119337)

MARC details
000 -LEADER
fixed length control field 01176cas a22002415a 4500
001 - CONTROL NUMBER
control field L153389
008 - FIXED-LENGTH DATA ELEMENTS--GENERAL INFORMATION
fixed length control field 110719c2008 xxkar eng u
035 ## - SYSTEM CONTROL NUMBER
System control number (Sirsi) u153389
041 0# - LANGUAGE CODE
Language code of text/sound track or separate title eng
050 ## - LIBRARY OF CONGRESS CALL NUMBER
Classification number 333.33 $2 18
110 2# - MAIN ENTRY--CORPORATE NAME
Corporate name or jurisdiction name as entry element Lambert Smith Hampton
9 (RLIN) 2865
245 00 - TITLE STATEMENT
Title National Industrial and Distribution Report
Medium [electronic resource]
260 ## - PUBLICATION, DISTRIBUTION, ETC.
Place of publication, distribution, etc. [S.l.]
Name of publisher, distributor, etc. Lambert Smith Hampton
Date of publication, distribution, etc. 2008-
362 0# - DATES OF PUBLICATION AND/OR SEQUENTIAL DESIGNATION
Dates of publication and/or sequential designation 2008-
490 #0 - SERIES STATEMENT
Series statement Lambert Smith Hampton National Industrial and Distribution Report
520 ## - SUMMARY, ETC.
Summary, etc. Comprehensive survey of the national industrial and distribution property markets (excluding Northern Ireland), providing coverage of the UK economic context, national demand and rents, the distribution market, and take-up, rent and availability data for 12 regional markets including Wales and Scotland.
554 ## -
-- One per year
650 24 - SUBJECT ADDED ENTRY--TOPICAL TERM
Topical term or geographic name entry element LAMBERT SMITH HAMPTON NATIONAL INDUSTRIAL AND DISTRIBUTION REPORT
651 #4 - SUBJECT ADDED ENTRY--GEOGRAPHIC NAME
Geographic name United Kingdom
Chronological subdivision
690 ## - LOCAL SUBJECT ADDED ENTRY--TOPICAL TERM (OCLC, RLIN)
Topical term or geographic name as entry element PROPERTY-COMMERCIAL PROPERTY-COMMERCIAL PROPERTY MARKET
856 40 - ELECTRONIC LOCATION AND ACCESS
Uniform Resource Identifier <a href="https://www.lsh.co.uk/images/cms/national_ind_report_08.pdf">https://www.lsh.co.uk/images/cms/national_ind_report_08.pdf</a>
Public note View the report free of charge at www.lsh.co.uk.
942 ## - ADDED ENTRY ELEMENTS (KOHA)
Suppress in OPAC 0
Holdings
Withdrawn status Lost status Source of classification or shelving scheme Damaged status Not for loan Home library Current library Shelving location Date acquired Total Checkouts Full call number Barcode Date last seen Copy number Price effective from Koha item type
    Dewey Decimal Classification     Virtual Virtual Online 19/07/2011   ONLINE PUBLICATION 153389-2001 06/08/2019 1 06/08/2019 Book